| 000 | 02080nam a22004814a 4500 | ||
|---|---|---|---|
| 001 | ebr10284021 | ||
| 003 | CaPaEBR | ||
| 006 | m u | ||
| 007 | cr cn||||||||| | ||
| 008 | 041025s2005 njua sb 001 0 eng | ||
| 010 | _z 2004062446 | ||
| 015 |
_aGBA562695 _2bnb |
||
| 016 | 7 |
_z013261155 _2Uk |
|
| 020 | _z0691092729 (cloth : alk. paper) | ||
| 020 | _z9780691092720 (cloth : alk. paper) | ||
| 040 |
_aCaPaEBR _cCaPaEBR |
||
| 035 | _a(OCoLC)496285699 | ||
| 043 | _af-ua--- | ||
| 050 | 1 | 4 |
_aHV17 _b.C65 2005eb |
| 082 | 0 | 4 |
_a362.5/089/924062 _222 |
| 084 |
_a15.75 _2bcl |
||
| 100 | 1 |
_aCohen, Mark R., _d1943- |
|
| 245 | 1 | 0 |
_aPoverty and charity in the Jewish community of medieval Egypt _h[electronic resource] / _cMark R. Cohen. |
| 260 |
_aPrinceton : _bPrinceton University Press, _cc2005. |
||
| 300 |
_axi, 287 p. : _bill. |
||
| 490 | 1 | _aJews, Christians, and Muslims from the ancient to the modern world | |
| 500 | _aComplemented by the author's collection of primary sources in translation, The voice of the poor in the Middle Ages: an anthology of documents from the Cairo Geniza, on which the research is based. | ||
| 504 | _aIncludes bibliographical references (p. [253]-269) and indexes. | ||
| 533 |
_aElectronic reproduction. _bPalo Alto, Calif. : _cebrary, _d2013. _nAvailable via World Wide Web. _nAccess may be limited to ebrary affiliated libraries. |
||
| 650 | 0 |
_aJews _zEgypt _xCharities _xHistory. |
|
| 650 | 0 |
_aPoverty _xReligious aspects _xJudaism. |
|
| 650 | 0 |
_aJudaism _xCharities _xHistory. |
|
| 650 | 0 |
_aJews _zEgypt _xSocial conditions. |
|
| 650 | 0 |
_aPoor _zEgypt _xHistory. |
|
| 650 | 0 |
_aJudaism _xRelations _xIslam. |
|
| 650 | 0 |
_aIslam _xRelations _xJudaism. |
|
| 650 | 0 | _aCairo Genizah. | |
| 655 | 7 |
_aElectronic books. _2local |
|
| 710 | 2 | _aebrary, Inc. | |
| 730 | 0 | _aVoice of the poor in the Middle Ages. | |
| 830 | 0 | _aJews, Christians, and Muslims from the ancient to the modern world. | |
| 856 | 4 | 0 |
_uhttp://site.ebrary.com/lib/rucke/Doc?id=10284021 _zAn electronic book accessible through the World Wide Web; click to view |
| 999 |
_c3111 _d3111 |
||